| 000 | 00494nam a2200193Ia 4500 | ||
|---|---|---|---|
| 003 | OSt | ||
| 005 | 20250203161203.0 | ||
| 008 | 210210b1982 xxu||||| |||| 00| 0 eng d | ||
| 040 | _cAL | ||
| 041 | _aKannada | ||
| 082 | _aK894.3 RAMA | ||
| 100 |
_aRAMAKRASHNA. _dರಾಮಕೃಷ್ಣ _9165927 |
||
| 245 |
_aAntaragange _bಅಂತರ ಗಂಗೆ |
||
| 260 |
_aMaisur _bGita Buk Haus _c1982 |
||
| 300 | _a772 | ||
| 690 |
_aKannada Fiction _9165928 |
||
| 906 | _a036285 | ||
| 942 |
_2ddc _cBK |
||
| 999 |
_c86781 _d86781 |
||